Memoria del congreso sobre el mundo centroamericano de su tiempo. V° Centenario de Gonzalo Fernández de Oviedo
Sparad:
| Materialtyp: | Okänd |
|---|---|
| Publicerad: |
San José:
Comisión Nacional Organizadora
|
| Ämnen: | |
| Taggar: |
Lägg till en tagg
Inga taggar, Lägg till första taggen!
|
MARC
| LEADER | 00000 a2200000 04500 | ||
|---|---|---|---|
| 001 | 19470 | ||
| 003 | |||
| 008 | 991231s d | ||
| 040 | |||
| 090 | |a 0003 M533m | ||
| 245 | |a Memoria del congreso sobre el mundo centroamericano de su tiempo. V° Centenario de Gonzalo Fernández de Oviedo | ||
| 260 | |a San José: |b Comisión Nacional Organizadora | ||
| 300 | |a 487; 4 p. | ||
| 650 | |a HISTORIA | ||
| 999 | |c 14658 |d 14658 | ||
